Statistics for Stranger Things Episodes

Click here to take the quiz!

General Stats

  • This quiz has been taken 325 times
    (246 since last reset)
  • The average score is 18 of 26

Answer Stats

HintAnswer% Correct
S01E01Chapter One: The Vanishing of Will Byers
83%
S01E08Chapter Eight: The Upside Down
81%
S02E01Chapter One: MADMAX
78%
S03E08Chapter Eight: The Battle of Starcourt
76%
S03E01Chapter One: Suzie, Do You Copy?
74%
S01E05Chapter Five: The Flea and the Acrobat
72%
S01E04Chapter Four: The Body
71%
S02E09Chapter Nine: The Gate
71%
S04E01Chapter One: The Hellfire Club
71%
S01E03Chapter Three: Holly, Jolly
71%
S02E02Chapter Two: Trick or Treat, Freak
71%
S01E02Chapter Two: The Weirdo on Maple Street
70%
S02E08Chapter Eight: The Mind Flayer
69%
S01E07Chapter Seven: The Bathtub
67%
S02E07Chapter Seven: The Lost Sister
67%
S01E06Chapter Six: The Monster
66%
S03E04Chapter Four: The Sauna Test
63%
S02E05Chapter Five: Dig Dug
62%
S03E03Chapter Three: The Case of the Missing Lifeguard
62%
S03E02Chapter Two: The Mall Rats
62%
S02E06Chapter Six: The Spy
60%
S03E05Chapter Five: The Flayed
59%
S02E04Chapter Four: Will the Wise
58%
S03E07Chapter Seven: The Bite
58%
S02E03Chapter Three: The Pollywog
58%
S03E06Chapter Six: E Pluribus Unum
55%

Score Distribution

Percentile by Number Answered

Percent of People with Each Score

Your Score History

You have not taken this quiz since the last reset